[Event "IX American Continental Classical Championship 201"]
[Site "Hotel Pipa AtlÃ¢ntico - Praia da Pipa - Rio Grande"]
[Date "2014.10.22"]
[Round "6"]
[Board "49"]
[White "Beckerman, M."]
[Black "Leitao, Nicolau"]
[Result "1-0"]
[WhiteElo "2019"]
[BlackElo "2138"]
[PlyCount "79"]
[EventDate "2014.10.18"]
[EventRounds "11"]
[EventCountry "BRA"]

1. f4 Nf6 2. Nf3 c5 3. e3 Nc6 4. d4 e6 5. c3 b6 6. Bd3 Bb7 7. O-O Be7 8. Bd2
O-O 9. Be1 Ng4 10. Qe2 f5 11. Nbd2 Qe8 12. h3 Nf6 13. Bh4 Qh5 14. Qe1 Rae8 15.
Be2 Qg6 16. Kh2 cxd4 17. cxd4 Bd6 18. a3 Nd5 19. Nc4 Nxe3 20. Nxe3 Bxf4+ 21.
Bg3 Bxe3 22. Bd6 Rf6 23. Nh4 Qg5 24. Bf3 Bf4+ 25. Bxf4 Qxf4+ 26. Kh1 Qb8 27.
Rd1 Rh6 28. d5 Ne5 29. d6 Nxf3 30. Nxf3 Be4 31. Kh2 Qb7 32. Rf2 Rg6 33. Qd2 h6
34. Ne5 Rf6 35. Rc1 Rc8 36. Rff1 Rff8 37. Ng6 Rxc1 38. Rxc1 Rd8 39. Rc7 Qd5 40.
Ne7+ 1-0

[Event "IX American Continental Classical Championship 201"]
[Site "Hotel Pipa AtlÃ¢ntico - Praia da Pipa - Rio Grande"]
[Date "2014.10.22"]
[Round "6"]
[Board "50"]
[White "Serafim Junior, Arnor"]
[Black "Pinto, Carlos Henrique Lopes"]
[Result "1-0"]
[WhiteElo "1811"]
[BlackElo "2116"]
[PlyCount "51"]
[EventDate "2014.10.18"]
[EventRounds "11"]
[EventCountry "BRA"]

1. c4 Nf6 2. g3 g6 3. Bg2 Bg7 4. Nc3 O-O 5. Nf3 d6 6. O-O c6 7. d3 Qa5 8. Bg5
h6 9. Bxf6 Bxf6 10. Qd2 Qh5 11. Rab1 Bh3 12. Ne4 Bg7 13. Nh4 Bxg2 14. Nxg2 g5
15. f4 f5 16. Nf2 Nd7 17. d4 Nf6 18. Qd3 e6 19. e4 fxe4 20. Nxe4 Ng4 21. h4 d5
22. Nf2 Nf6 23. Rbe1 Rae8 24. b3 gxh4 25. Nxh4 Rf7 26. Re5 1-0

[Event "IX American Continental Classical Championship 201"]
[Site "Hotel Pipa AtlÃ¢ntico - Praia da Pipa - Rio Grande"]
[Date "2014.10.22"]
[Round "6"]
[Board "51"]
[White "Arango, Andres Mauricio"]
[Black "Haskin, Zachary J"]
[Result "1-0"]
[WhiteElo "2111"]
[BlackElo "1976"]
[PlyCount "133"]
[EventDate "2014.10.18"]
[EventRounds "11"]
[EventCountry "BRA"]

1. e4 e6 2. d4 d5 3. Nd2 Nf6 4. e5 Nfd7 5. c3 c5 6. Bd3 Nc6 7. Ne2 cxd4 8. cxd4
f6 9. exf6 Nxf6 10. O-O Bd6 11. Nf3 Qc7 12. Nc3 a6 13. Bg5 O-O 14. Bh4 Bd7 15.
Re1 Rae8 16. Rc1 Qb8 17. a3 Re7 18. Rc2 Be8 19. Bg3 Bh5 20. Be2 Bg6 21. Bd3 Bh5
22. Be2 Bg6 23. Rc1 Ne4 24. Bd3 Nxg3 25. hxg3 Bh5 26. Be2 Rf6 27. Qd2 Bxg3 28.
fxg3 Qxg3 29. Qg5 Rxf3 30. Qxg3 Rxg3 31. Bxh5 Rg5 32. Bf3 Nxd4 33. Bxd5 Kf8 34.
Be4 Rg4 35. Rcd1 Nf5 36. Bxf5 exf5 37. Rd8+ Kf7 38. Rxe7+ Kxe7 39. Rb8 b5 40.
Rb6 Rg6 41. Nd5+ Kd7 42. Rxg6 hxg6 43. Kf2 Kd6 44. Nb4 a5 45. Nd3 g5 46. Ke3
Kd5 47. g3 f4+ 48. gxf4 gxf4+ 49. Nxf4+ Kc4 50. Kd2 Kb3 51. Kc1 b4 52. axb4
Kxb4 53. Kc2 g5 54. Nd5+ Kc5 55. Nc3 Kb4 56. Na2+ Kc4 57. Nc1 g4 58. Kb1 Kd4
59. Ne2+ Kd3 60. Ng3 a4 61. Ka2 Kc2 62. Ne4 Kc1 63. Nc3 Kc2 64. Ne2 Kd2 65. Ng3
Ke1 66. Ka3 Kd2 67. Kxa4 1-0

[Event "IX American Continental Classical Championship 201"]
[Site "Hotel Pipa AtlÃ¢ntico - Praia da Pipa - Rio Grande"]
[Date "2014.10.22"]
[Round "6"]
[Board "52"]
[White "Pinero, Ismael"]
[Black "Rezende, Guilherme Vilela"]
[Result "0-1"]
[WhiteElo "1925"]
[BlackElo "2110"]
[PlyCount "56"]
[EventDate "2014.10.18"]
[EventRounds "11"]
[EventCountry "BRA"]

1. e4 c5 2. Nf3 d6 3. d4 cxd4 4. Nxd4 Nf6 5. Nc3 a6 6. f3 e5 7. Nb3 Be6 8. Be3
Be7 9. Qd2 O-O 10. O-O-O a5 11. Bb5 Na6 12. g4 Qb8 13. g5 Ne8 14. a4 Nec7 15.
h4 Rc8 16. Kb1 Nb4 17. h5 Nxb5 18. axb5 a4 19. Nc1 a3 20. b3 a2+ 21. N1xa2 Nxa2
22. Nxa2 d5 23. g6 d4 24. h6 fxg6 25. hxg7 Rxa2 26. Kxa2 Qa7+ 27. Kb1 Ra8 28.
Bxd4 Qa2+ 0-1

[Event "IX American Continental Classical Championship 201"]
[Site "Hotel Pipa AtlÃ¢ntico - Praia da Pipa - Rio Grande"]
[Date "2014.10.22"]
[Round "6"]
[Board "53"]
[White "Manzi, Luiz Antonio Bardaro"]
[Black "De Freitas, Julio Eimard"]
[Result "1-0"]
[WhiteElo "2092"]
[BlackElo "1872"]
[PlyCount "81"]
[EventDate "2014.10.18"]
[EventRounds "11"]
[EventCountry "BRA"]

1. d4 d5 2. c4 c6 3. cxd5 cxd5 4. Nf3 Nc6 5. Nc3 Nf6 6. Bf4 e6 7. e3 Bd6 8.
Bxd6 Qxd6 9. Be2 O-O 10. O-O a6 11. Rc1 b5 12. Bd3 e5 13. dxe5 Nxe5 14. Nxe5
Qxe5 15. Qd2 Ng4 16. g3 Be6 17. Rfe1 Qh5 18. f4 f5 19. Bf1 Rfd8 20. h3 Nf6 21.
Bg2 Ne4 22. Nxe4 dxe4 23. Qc3 Bxa2 24. b3 Qf7 25. Qe5 Qd5 26. Qe7 Rd7 27. Qg5
Bxb3 28. g4 Rf8 29. gxf5 Rxf5 30. Rc8+ Rf8 31. Rxf8+ Kxf8 32. Qh4 h6 33. Rc1
Bc2 34. Qf2 Qd2 35. Rxc2 Qd3 36. Bf1 Qd6 37. Qg2 Re7 38. Qg4 Re6 39. Qf5+ Rf6
40. Qc8+ Kf7 41. Rc7+ 1-0

[Event "IX American Continental Classical Championship 201"]
[Site "Hotel Pipa AtlÃ¢ntico - Praia da Pipa - Rio Grande"]
[Date "2014.10.22"]
[Round "6"]
[Board "54"]
[White "Macedo, Maximo Valerio"]
[Black "Ferreira, Jose Carlos"]
[Result "1-0"]
[WhiteElo "2085"]
[BlackElo "1884"]
[PlyCount "71"]
[EventDate "2014.10.18"]
[EventRounds "11"]
[EventCountry "BRA"]

1. e4 c5 2. Nf3 e6 3. d3 Be7 4. g3 Nc6 5. Bg2 Nf6 6. O-O d6 7. Nc3 O-O 8. d4
cxd4 9. Nxd4 e5 10. Nb3 a6 11. f4 exf4 12. Bxf4 Ne5 13. Qd4 Nc6 14. Qd2 Be6 15.
Nd5 Bxd5 16. exd5 Ne5 17. Kh1 Nh5 18. Bxe5 dxe5 19. Qe2 Nf6 20. Qxe5 Bd6 21.
Qd4 Rc8 22. c3 Ne8 23. Rae1 Qg5 24. Qe3 Qd8 25. Re2 a5 26. Qd3 Bb8 27. Qb5 b6
28. Nd4 Nd6 29. Qd3 Bc7 30. Nc6 Qg5 31. Ne7+ Kh8 32. Nxc8 Nxc8 33. Rxf7 Qc1+
34. Bf1 Kg8 35. Rxf8+ Kxf8 36. Qf5+ 1-0

[Event "IX American Continental Classical Championship 201"]
[Site "Hotel Pipa AtlÃ¢ntico - Praia da Pipa - Rio Grande"]
[Date "2014.10.22"]
[Round "6"]
[Board "55"]
[White "Ferreira, Kleber Victor"]
[Black "Reis, Virginia Lagrange M."]
[Result "1-0"]
[WhiteElo "2079"]
[BlackElo "1852"]
[PlyCount "59"]
[EventDate "2014.10.18"]
[EventRounds "11"]
[EventCountry "BRA"]

1. e4 e5 2. f4 exf4 3. Nf3 g5 4. Nc3 d6 5. d4 g4 6. Bxf4 gxf3 7. Qxf3 Qh4+ 8.
g3 Bg4 9. Qe3 Qd8 10. Bc4 Qd7 11. h3 Bh5 12. g4 Bg6 13. O-O-O Nc6 14. e5 Kd8
15. Rhe1 a6 16. Nd5 Na5 17. Bf1 Nc6 18. exd6 Bxd6 19. Bxd6 cxd6 20. Nb6 Qe7 21.
Qd2 Qc7 22. Nxa8 Qa5 23. Qxa5+ Nxa5 24. d5 b5 25. a4 Nf6 26. axb5 axb5 27. Bxb5
Be4 28. g5 Bxd5 29. Nb6 Bf3 30. Rxd6+ 1-0

[Event "IX American Continental Classical Championship 201"]
[Site "Hotel Pipa AtlÃ¢ntico - Praia da Pipa - Rio Grande"]
[Date "2014.10.22"]
[Round "6"]
[Board "56"]
[White "Ibar, Marcelo"]
[Black "Meneghetti, Alexandre"]
[Result "1/2-1/2"]
[WhiteElo "2155"]
[BlackElo "1708"]
[PlyCount "50"]
[EventDate "2014.10.18"]
[EventRounds "11"]
[EventCountry "BRA"]

1. e4 c5 2. Nf3 Nc6 3. c3 e6 4. d4 cxd4 5. cxd4 Bb4+ 6. Bd2 Qb6 7. Bxb4 Qxb4+
8. Qd2 Nf6 9. Nc3 d6 10. a3 Qb6 11. Be2 O-O 12. O-O e5 13. dxe5 dxe5 14. Nd5
Qd8 15. Rfd1 Bg4 16. Qe3 Bxf3 17. gxf3 Nd4 18. Rac1 Nxd5 19. exd5 Qxd5 20. f4
Nxe2+ 21. Qxe2 Qe6 22. fxe5 Rfe8 23. Rc7 Rac8 24. Rdc1 Rxc7 25. Rxc7 Qg6+
 1/2-1/2

[Event "IX American Continental Classical Championship 201"]
[Site "Hotel Pipa AtlÃ¢ntico - Praia da Pipa - Rio Grande"]
[Date "2014.10.22"]
[Round "6"]
[Board "57"]
[White "Quaranta Neto, Francisco"]
[Black "Souza Neves, Andrey M."]
[Result "0-1"]
[WhiteElo "1933"]
[BlackElo "2173"]
[PlyCount "92"]
[EventDate "2014.10.18"]
[EventRounds "11"]
[EventCountry "BRA"]

1. e4 c5 2. Ne2 Nc6 3. Nbc3 d6 4. g3 g6 5. Bg2 Bg7 6. O-O e6 7. d3 Nge7 8. f4
O-O 9. g4 f5 10. h3 Rb8 11. a4 a6 12. Ng3 d5 13. gxf5 exf5 14. Nxd5 Nxd5 15.
exd5 Nb4 16. c4 Re8 17. Ne2 Qf6 18. Rf3 Bd7 19. Rb1 Bxa4 20. b3 Bd7 21. Be3 b6
22. d4 Rxe3 23. Rxe3 cxd4 24. Re5 d3 25. Nc1 Qd6 26. Qd2 a5 27. Re1 Qc5+ 28.
Kh1 Qd4 29. Bf1 Bh6 30. Nxd3 Nxd3 31. Qxd3 Qxf4 32. Re7 Qd6 33. Rbe1 Bg5 34.
R7e2 Bh4 35. Rd1 Rf8 36. Qe3 f4 37. Qe5 Qa3 38. d6 Qxb3 39. Qd5+ Kh8 40. Re7
Bc6 41. Qxc6 Qxd1 42. Kg1 Qd4+ 43. Kh1 Qf2 44. Bd3 f3 45. Rxh7+ Kxh7 46. Bxg6+
Kh8 0-1

[Event "IX American Continental Classical Championship 201"]
[Site "Hotel Pipa AtlÃ¢ntico - Praia da Pipa - Rio Grande"]
[Date "2014.10.22"]
[Round "6"]
[Board "58"]
[White "De Vjunior, Liduino Furtado"]
[Black "Braga, Jose Pereira"]
[Result "1-0"]
[WhiteElo "2106"]
[BlackElo "1922"]
[PlyCount "87"]
[EventDate "2014.10.18"]
[EventRounds "11"]
[EventCountry "BRA"]

1. e4 d6 2. d4 Nf6 3. Nc3 g6 4. f3 Bg7 5. Bc4 c6 6. Be3 b5 7. Bb3 a5 8. a4 b4
9. Nce2 Na6 10. Qd2 O-O 11. Rd1 Qc7 12. h4 h5 13. Nh3 c5 14. Qd3 cxd4 15. Nxd4
Nc5 16. Qc4 Ba6 17. Nb5 Qb6 18. Ng5 Bxb5 19. axb5 e6 20. O-O Rfd8 21. Bf2 Nfd7
22. f4 Qc7 23. e5 d5 24. Rxd5 exd5 25. Qxd5 Ne6 26. Nxf7 Ndf8 27. Nxd8 Rxd8 28.
b6 Qb8 29. Qxa5 Kh7 30. Qxb4 Qb7 31. Ra1 Qc6 32. Be3 Rb8 33. Rd1 Rd8 34. Rxd8
Nxd8 35. Qc4 Qxc4 36. Bxc4 Nc6 37. Bd5 Nb8 38. e6 Bf6 39. Bc5 Kg7 40. e7 Bxe7
41. Bxe7 Nfd7 42. b7 Nf6 43. Bd6 Nbd7 44. Be5 1-0

[Event "IX American Continental Classical Championship 201"]
[Site "Hotel Pipa AtlÃ¢ntico - Praia da Pipa - Rio Grande"]
[Date "2014.10.22"]
[Round "6"]
[Board "59"]
[White "De Lima, Carlos Alexandre"]
[Black "Lima, Alan Silva De"]
[Result "0-1"]
[WhiteElo "2094"]
[BlackElo "1904"]
[PlyCount "96"]
[EventDate "2014.10.18"]
[EventRounds "11"]
[EventCountry "BRA"]

1. e4 c5 2. Nf3 g6 3. d4 cxd4 4. Nxd4 Bg7 5. Nc3 d6 6. Be3 Nf6 7. Be2 Nbd7 8.
Qd2 a6 9. O-O-O b5 10. f3 Qc7 11. Bh6 Bxh6 12. Qxh6 Bb7 13. Kb1 Ne5 14. f4 Nc4
15. Bxc4 Qxc4 16. e5 Ng4 17. Qh4 Ne3 18. exd6 O-O 19. dxe7 Rfe8 20. Rd2 b4 21.
Na4 Qc7 22. f5 Qxe7 23. f6 Qf8 24. Qh3 Nc4 25. Rdd1 Re3 26. Qd7 Bxg2 27. Rhg1
Bh3 28. Qd5 Ne5 29. b3 Rd8 30. Qa5 Bc8 31. Qxd8 Qxd8 32. Ne6 Qxf6 33. Rd8+ Qxd8
34. Nxd8 Re2 35. c4 bxc3 36. Nxc3 Rd2 37. Re1 f6 38. Nc6 Bf5+ 39. Ne4 Nxc6 40.
Kc1 Rxa2 41. Nxf6+ Kg7 42. Ne8+ Kh6 43. Nc7 Ra1+ 44. Kd2 Rxe1 45. Kxe1 a5 46.
Kd2 Kg5 47. Ne8 Kf4 48. Nf6 h5 0-1

[Event "IX American Continental Classical Championship 201"]
[Site "Hotel Pipa AtlÃ¢ntico - Praia da Pipa - Rio Grande"]
[Date "2014.10.22"]
[Round "6"]
[Board "60"]
[White "Lunelli, Neuri Antonio"]
[Black "Fiaes, Mario Henrique Andrade"]
[Result "0-1"]
[WhiteElo "1887"]
[BlackElo "2070"]
[PlyCount "54"]
[EventDate "2014.10.18"]
[EventRounds "11"]
[EventCountry "BRA"]

1. c4 e5 2. g3 Nc6 3. Bg2 f5 4. e3 Nf6 5. Ne2 Be7 6. d4 d6 7. d5 Nb8 8. b4 O-O
9. Bb2 Qe8 10. Nd2 Nbd7 11. O-O Qh5 12. Nc3 Qh6 13. Qe2 Re8 14. h4 Bd8 15. Qf3
a5 16. a3 Nf8 17. Rfe1 g5 18. Nf1 Ng6 19. Ne2 e4 20. hxg5 exf3 21. gxh6 fxg2
22. Kxg2 Ng4 23. Nf4 Nxh6 24. Nh5 Ne5 25. Nd2 Nd3 26. Nf6+ Bxf6 27. Bxf6 Nxe1+
 0-1

[Event "IX American Continental Classical Championship 201"]
[Site "Hotel Pipa AtlÃ¢ntico - Praia da Pipa - Rio Grande"]
[Date "2014.10.22"]
[Round "6"]
[Board "61"]
[White "Hernandez Amura, Gilberto"]
[Black "Prado Filho, Ricardo De Almeid"]
[Result "1-0"]
[WhiteElo "2061"]
[BlackElo "1893"]
[PlyCount "77"]
[EventDate "2014.10.18"]
[EventRounds "11"]
[EventCountry "BRA"]

1. e4 c5 2. Nf3 Nc6 3. Bb5 g6 4. O-O Bg7 5. c3 Nh6 6. d4 cxd4 7. cxd4 a6 8. Bc4
O-O 9. Nc3 b5 10. Bb3 Bb7 11. Bg5 Na5 12. Bd5 Nc6 13. h3 Kh8 14. h4 f6 15. Bf4
e6 16. Bb3 Na5 17. Bc2 d6 18. Qe2 e5 19. dxe5 dxe5 20. Rfd1 Qe8 21. Be3 Ng4 22.
Bc5 Rf7 23. b4 Nc6 24. Nd5 Bf8 25. Nb6 Bxc5 26. bxc5 Rd8 27. Bb3 Rf8 28. Rxd8
Nxd8 29. Rd1 Bc6 30. Rd6 a5 31. Bd5 Bxd5 32. exd5 Nb7 33. Rc6 b4 34. Rc7 Qb8
35. Rc6 Nxc5 36. Qc4 Nb7 37. Qxg4 f5 38. Qc4 Rd8 39. Ng5 1-0

[Event "IX American Continental Classical Championship 201"]
[Site "Hotel Pipa AtlÃ¢ntico - Praia da Pipa - Rio Grande"]
[Date "2014.10.22"]
[Round "6"]
[Board "62"]
[White "Rothebarth, Ana Vitoria De Pau"]
[Black "Carneiro, Francisco Caninde Sa"]
[Result "1-0"]
[WhiteElo "2042"]
[BlackElo "1887"]
[PlyCount "69"]
[EventDate "2014.10.18"]
[EventRounds "11"]
[EventCountry "BRA"]

1. e4 e5 2. Nf3 d6 3. d4 exd4 4. Nxd4 Nf6 5. Nc3 Be7 6. Bc4 Bg4 7. f3 Bh5 8.
Be3 Nbd7 9. Qd2 Ne5 10. Bb3 a6 11. O-O O-O 12. Nf5 h6 13. Bxh6 Ne8 14. Be3 c6
15. Rad1 Qc7 16. Qf2 Bg6 17. Nxe7+ Qxe7 18. Qg3 Kh7 19. Qh3+ Kg8 20. f4 Nd7 21.
f5 Bh7 22. Rf4 Nef6 23. Rh4 Rfe8 24. Bf4 Ne5 25. Bg5 Ned7 26. Rxh7 Nxh7 27.
Bxe7 Rxe7 28. Rxd6 Rae8 29. Qg3 Ndf6 30. h3 Kf8 31. Rd4 b5 32. Qd6 Rc8 33. e5
Ne8 34. Qc5 a5 35. Rh4 1-0

[Event "IX American Continental Classical Championship 201"]
[Site "Hotel Pipa AtlÃ¢ntico - Praia da Pipa - Rio Grande"]
[Date "2014.10.22"]
[Round "6"]
[Board "63"]
[White "Camara, Jose Arruda"]
[Black "Rocha, Vitor Firmo De Souza"]
[Result "0-1"]
[WhiteElo "1905"]
[BlackElo "2041"]
[PlyCount "46"]
[EventDate "2014.10.18"]
[EventRounds "11"]
[EventCountry "BRA"]

1. e4 e6 2. d4 d5 3. e5 c5 4. c3 Qb6 5. Nf3 Bd7 6. Bd3 cxd4 7. Nxd4 Nc6 8. Nxc6
bxc6 9. O-O c5 10. Nd2 Ne7 11. Nf3 Bb5 12. Re1 Bxd3 13. Qxd3 Nf5 14. Bg5 h6 15.
g4 hxg5 16. gxf5 g4 17. Ng5 Be7 18. f6 gxf6 19. exf6 Bxf6 20. Nxe6 fxe6 21.
Qxd5 Kf7 22. Qd7+ Be7 23. Re4 Qd6 0-1

[Event "IX American Continental Classical Championship 201"]
[Site "Hotel Pipa AtlÃ¢ntico - Praia da Pipa - Rio Grande"]
[Date "2014.10.22"]
[Round "6"]
[Board "64"]
[White "Hurtado Bahamonde, Rodrigo"]
[Black "Cortes Arias, Mariela"]
[Result "1-0"]
[WhiteElo "2040"]
[BlackElo "1858"]
[PlyCount "61"]
[EventDate "2014.10.18"]
[EventRounds "11"]
[EventCountry "BRA"]

1. e4 e6 2. d4 d5 3. Nc3 Nf6 4. e5 Nfd7 5. f4 c5 6. Nf3 Nc6 7. Be3 Be7 8. Qd2
a6 9. dxc5 Nxc5 10. Qf2 b6 11. O-O-O Qc7 12. Nd4 Bd7 13. Kb1 Nxd4 14. Bxd4 b5
15. a3 Qc6 16. g4 O-O-O 17. b4 Ne4 18. Nxe4 dxe4 19. Bg2 f5 20. exf6 gxf6 21.
Rhe1 f5 22. Re3 Qb7 23. Bxh8 Rxh8 24. Rc3+ Kb8 25. Rxd7 Qxd7 26. Qb6+ Ka8 27.
Qxa6+ Kb8 28. Qb6+ Ka8 29. Rd3 Rb8 30. Rxd7 Rxb6 31. Rxe7 1-0

[Event "IX American Continental Classical Championship 201"]
[Site "Hotel Pipa AtlÃ¢ntico - Praia da Pipa - Rio Grande"]
[Date "2014.10.22"]
[Round "6"]
[Board "65"]
[White "Farias, Edilsom"]
[Black "Xavier, Lucca Lucas"]
[Result "0-1"]
[WhiteElo "1874"]
[BlackElo "2039"]
[PlyCount "80"]
[EventDate "2014.10.18"]
[EventRounds "11"]
[EventCountry "BRA"]

1. d4 Nf6 2. c4 e6 3. Nc3 d5 4. Bg5 Be7 5. Nf3 O-O 6. e3 h6 7. Bh4 b6 8. cxd5
Nxd5 9. Bxe7 Qxe7 10. Nxd5 exd5 11. Bd3 c5 12. O-O c4 13. Be2 Bf5 14. Qd2 Nc6
15. Rfd1 Nb4 16. Ne5 f6 17. Nf3 b5 18. Ne1 a5 19. Bf3 Be4 20. Bxe4 Qxe4 21. a3
Nc6 22. Qc2 f5 23. Rac1 Qxc2 24. Nxc2 b4 25. axb4 Nxb4 26. Nxb4 axb4 27. Ra1
Rfb8 28. Kf1 b3 29. Rxa8 Rxa8 30. Rb1 Ra2 31. Ke1 Kf7 32. Kd2 g5 33. f3 Ra6 34.
e4 fxe4 35. fxe4 dxe4 36. Re1 Rf6 37. Re2 Rf1 38. Ke3 Rc1 39. Kxe4 Rc2 40. Re3
Rxb2 0-1

[Event "IX American Continental Classical Championship 201"]
[Site "Hotel Pipa AtlÃ¢ntico - Praia da Pipa - Rio Grande"]
[Date "2014.10.22"]
[Round "6"]
[Board "66"]
[White "Da Silva, Izael Brasilino Arau"]
[Black "Rodrigues, Nei Jorge"]
[Result "1-0"]
[WhiteElo "1857"]
[BlackElo "2033"]
[PlyCount "139"]
[EventDate "2014.10.18"]
[EventRounds "11"]
[EventCountry "BRA"]

1. e4 g6 2. Nf3 d6 3. Bc4 Bg7 4. d4 c6 5. O-O Nf6 6. h3 O-O 7. e5 Nd5 8. Bb3 a5
9. c4 Nb6 10. Qe2 Na6 11. Nc3 dxe5 12. dxe5 Bf5 13. Bf4 Bd3 14. Qe3 Nxc4 15.
Bxc4 Bxc4 16. Rfd1 Qc8 17. Rd4 Be6 18. Bh6 Nb4 19. Bxg7 Kxg7 20. Rh4 Rh8 21.
Qh6+ Kg8 22. Ng5 Qf8 23. Qxf8+ Rxf8 24. Nxe6 fxe6 25. Rd1 Nd5 26. Ne4 Rf5 27.
Nc5 b6 28. Nxe6 Rxe5 29. Nd4 c5 30. Nc6 Re6 31. Nxa5 Nb4 32. a3 bxa5 33. axb4
cxb4 34. Rd5 Re1+ 35. Kh2 Ra1 36. Re4 Kf7 37. Rd7 Re8 38. Ra7 b3 39. Re3 a4 40.
Rxb3 axb3 41. Rxa1 Ke6 42. Rd1 Rb8 43. Kg3 Ke5 44. Kf3 Rb7 45. Ke3 Rb4 46. Rd7
Kf6 47. Rd4 Rb7 48. Kd3 e5 49. Rc4 h5 50. Kc3 Kf5 51. Rb4 Rd7 52. Rxb3 e4 53.
Kc2 h4 54. Re3 Kf4 55. b4 g5 56. Rb3 Rc7+ 57. Rc3 Ra7 58. Kb2 Rd7 59. b5 Rd2+
60. Kc1 Rxf2 61. b6 Rf1+ 62. Kb2 Rf2+ 63. Rc2 e3 64. b7 Kg3 65. b8=Q+ Kxg2 66.
Qg8 Kxh3 67. Qxg5 Kh2 68. Qxh4+ Kg1 69. Qg3+ Kh1 70. Qxe3 1-0

[Event "IX American Continental Classical Championship 201"]
[Site "Hotel Pipa AtlÃ¢ntico - Praia da Pipa - Rio Grande"]
[Date "2014.10.22"]
[Round "6"]
[Board "67"]
[White "Lucena, Helianto Dos Santos"]
[Black "Pinheiro, Davi Sales"]
[Result "0-1"]
[WhiteElo "1846"]
[BlackElo "2022"]
[PlyCount "83"]
[EventDate "2014.10.18"]
[EventRounds "11"]
[EventCountry "BRA"]

1. d4 Nf6 2. e3 c5 3. c3 e6 4. Bd3 Nc6 5. Nd2 d5 6. f4 cxd4 7. exd4 Bd6 8. Ngf3
O-O 9. O-O b6 10. Ne5 Ne7 11. g4 Nd7 12. Qf3 f6 13. Qh3 g6 14. Nef3 f5 15. Ng5
Nf6 16. gxf5 Nxf5 17. Bxf5 exf5 18. Ndf3 Ba6 19. Rf2 Qe7 20. Ne5 Rac8 21. Bd2
Rc7 22. Rg2 Bxe5 23. dxe5 Ne4 24. Nxe4 fxe4 25. Be3 Bc8 26. Qg3 Rf5 27. h4 Rh5
28. Rh2 Be6 29. a3 a5 30. Rd1 Qd7 31. Rg2 Qa4 32. Re1 b5 33. Rf1 b4 34. axb4
axb4 35. Bd4 Qd7 36. Ra1 Qc8 37. Kh2 Qd8 38. Kg1 Qxh4 39. Qxh4 Rxh4 40. Re1 Bg4
41. Rh2 Rxh2 42. Kxh2 {resto ilegÃ­vel} 0-1

[Event "IX American Continental Classical Championship 201"]
[Site "Hotel Pipa AtlÃ¢ntico - Praia da Pipa - Rio Grande"]
[Date "2014.10.22"]
[Round "6"]
[Board "68"]
[White "Reboucas, Deive Pacheco"]
[Black "Gomes, Marco Tulio"]
[Result "1-0"]
[WhiteElo "2008"]
[BlackElo "1880"]
[PlyCount "173"]
[EventDate "2014.10.18"]
[EventRounds "11"]
[EventCountry "BRA"]

1. d4 d5 2. c4 c6 3. Nc3 Nf6 4. e3 Bf5 5. Nf3 e6 6. Nh4 Bg6 7. Nxg6 hxg6 8. Qb3
Qc7 9. Bd2 Nbd7 10. cxd5 exd5 11. g3 Bd6 12. Bg2 Qb6 13. Qc2 O-O 14. O-O Rfe8
15. Rab1 a5 16. Rfc1 Qa7 17. Be1 Nb6 18. Qd3 Qa6 19. Qd1 Re7 20. Bf1 Qa7 21.
Qd3 Ne4 22. Nxe4 dxe4 23. Qd1 Nd5 24. a3 Qb6 25. Bc4 Nf6 26. b4 axb4 27. axb4
Qd8 28. Bf1 Qd7 29. b5 cxb5 30. Rxb5 Rc8 31. Rcb1 Qc6 32. Bh3 Rb8 33. Rb6 Qc7
34. Qb3 Kf8 35. Qb5 Kg8 36. Bf1 Qd7 37. Qxd7 Rxd7 38. Bh3 Rdd8 39. Rxb7 Rxb7
40. Rxb7 Ra8 41. Rb1 Nd5 42. Bd7 Ra6 43. Bc8 Ra8 44. Bd7 Ra6 45. Rc1 Nb4 46.
Bxb4 Bxb4 47. Bc6 f5 48. Bb7 Rb6 49. Bd5+ Kh7 50. Rc2 Bd6 51. Kg2 Kh6 52. Rc8
Kg5 53. Rc6 Rxc6 54. Bxc6 Bb4 55. h3 Bd6 56. Kf1 Bb4 57. Ke2 Kf6 58. f3 exf3+
59. Bxf3 g5 60. g4 g6 61. Kd3 Bd6 62. Kc4 Ke6 63. Bd5+ Kf6 64. Bf3 Ke6 65. Kb5
Kf6 66. Kc6 Bb8 67. Kd7 Ba7 68. Kd6 f4 69. Kc7 fxe3 70. d5 Bd4 71. d6 Be5 72.
Kc6 Kf7 73. Kd7 Kf8 74. Be2 Bf6 75. Kc8 Kf7 76. d7 Be7 77. d8=Q Bxd8 78. Kxd8
Kf6 79. Kd7 Kf7 80. Kd6 Kf6 81. Kd5 Kg7 82. Ke5 Kf7 83. Bf1 Kg7 84. Bc4 Kh6 85.
Ke4 Kg7 86. Kxe3 Kf6 87. Ke4 1-0

[Event "IX American Continental Classical Championship 201"]
[Site "Hotel Pipa AtlÃ¢ntico - Praia da Pipa - Rio Grande"]
[Date "2014.10.22"]
[Round "6"]
[Board "69"]
[White "Araujo, Vitor Angelo Lima"]
[Black "Santos, Sidclay Souza"]
[Result "1/2-1/2"]
[WhiteElo "1840"]
[BlackElo "2007"]
[PlyCount "88"]
[EventDate "2014.10.18"]
[EventRounds "11"]
[EventCountry "BRA"]

1. d4 Nf6 2. Nf3 g6 3. c4 Bg7 4. Nc3 d5 5. cxd5 Nxd5 6. Nxd5 Qxd5 7. e3 O-O 8.
Qc2 Nc6 9. Bd2 Bf5 10. Qc4 Be4 11. Qxd5 Bxd5 12. Bc3 Rad8 13. Bb5 e5 14. Bxc6
Bxc6 15. dxe5 Rfe8 16. Rd1 Rxd1+ 17. Kxd1 Bxf3+ 18. gxf3 Bxe5 19. Kc2 Bxc3 20.
Kxc3 Rd8 21. f4 Kg7 22. h4 h5 23. f3 Kf6 24. Rg1 b6 25. b4 c6 26. a4 a6 27. Rb1
Kf5 28. Rg1 Kf6 29. a5 b5 30. Kc2 c5 31. bxc5 Rc8 32. Kb2 Rxc5 33. Rd1 Ke6 34.
Rd8 Rd5 35. Ra8 Rd6 36. Kc2 Kd5 37. Rg8 f5 38. Kb3 Re6 39. Rd8+ Kc5 40. Rd3 b4
41. Ka4 Kc4 42. Rb3 Kc5 43. Rd3 Re7 44. Kb3 Re6 1/2-1/2

[Event "IX American Continental Classical Championship 201"]
[Site "Hotel Pipa AtlÃ¢ntico - Praia da Pipa - Rio Grande"]
[Date "2014.10.22"]
[Round "6"]
[Board "70"]
[White "Ribeiro, Jose Joselito"]
[Black "Barreto Junior, Williem Silva"]
[Result "1-0"]
[WhiteElo "1733"]
[BlackElo "2006"]
[PlyCount "73"]
[EventDate "2014.10.18"]
[EventRounds "11"]
[EventCountry "BRA"]

1. e4 d6 2. d4 Nf6 3. Nc3 g6 4. Nf3 Bg7 5. Be3 O-O 6. h3 c6 7. Qd2 b5 8. Bd3
Re8 9. O-O Nbd7 10. e5 dxe5 11. dxe5 Nh5 12. g4 Nxe5 13. Nxe5 Bxe5 14. gxh5
Bxh3 15. Rfe1 Qd7 16. Be2 Qc7 17. Bf3 Rad8 18. Qe2 Be6 19. Qf1 Bf5 20. Qg2 b4
21. Ne4 Bxe4 22. Bxe4 Bxb2 23. Rab1 Bc3 24. Red1 Rxd1+ 25. Rxd1 Rd8 26. Rxd8+
Qxd8 27. hxg6 hxg6 28. Qf3 Qa5 29. Bxc6 Qxa2 30. Bd5 Qa1+ 31. Kg2 Bf6 32. Bb3
a5 33. Qa8+ Kg7 34. Qe8 e6 35. Bc5 g5 36. Bf8+ Kg6 37. Bxe6 1-0

[Event "IX American Continental Classical Championship 201"]
[Site "Hotel Pipa AtlÃ¢ntico - Praia da Pipa - Rio Grande"]
[Date "2014.10.22"]
[Round "6"]
[Board "71"]
[White "Dantas, Rhuan De Araujo"]
[Black "Moccero, Eduardo"]
[Result "1/2-1/2"]
[WhiteElo "1719"]
[BlackElo "1997"]
[PlyCount "59"]
[EventDate "2014.10.18"]
[EventRounds "11"]
[EventCountry "BRA"]

1. e4 d5 2. exd5 Qxd5 3. Nc3 Qa5 4. d4 Nf6 5. Bb5+ c6 6. Bd3 e5 7. dxe5 Qxe5+
8. Qe2 Bd6 9. Nf3 Qxe2+ 10. Nxe2 O-O 11. O-O Bg4 12. Nfd4 Nbd7 13. h3 Bh5 14.
Nf4 Rfe8 15. Nxh5 Nxh5 16. Be3 Nb6 17. Rad1 Nd5 18. Nf5 Nxe3 19. Nxe3 Be5 20.
Rfe1 g6 21. Ng4 Bg7 22. Bc4 Rxe1+ 23. Rxe1 Rd8 24. Bb3 Nf4 25. Ne3 h5 26. Rd1
Rxd1+ 27. Nxd1 Ne2+ 28. Kf1 Nd4 29. Ne3 Nxb3 30. axb3 1/2-1/2